000 00699nam a2200217 i 4500
001 136782
003 ES-MaACL
005 20230906195227.0
007 t|
008 070214s1981 sp r ||||1| spa d
100 1 _aSaiz Barberá, Juan.
_9101625
245 1 0 _aEuropa y España
_b: comunismo o catolicismo /
_cJuan Saiz Barberá.
260 _aMadrid :
_bAsociación Española de Lulianos,
_c1981.
300 _a651 p. ;
_c21 cm.
504 _aBibliografía.
650 0 4 _aCristianismo-
_zEspaña.
_911428
651 4 _aEuropa-
_xCivilización.
_98584
651 4 _aEspaña-
_xCivilización.
_98163
710 2 _aAsociación Española de Lulianos.
_91672
852 _aES-MaACL
_jL-982
_bR.101729
999 _c136782
_d136782